| 000 | 00672cam a22002651 4500 | ||
|---|---|---|---|
| 001 | sa 68011588 | ||
| 003 | DLC | ||
| 005 | 20260227112602.0 | ||
| 008 | 890525s1968 ii b 000 0 tamo | ||
| 010 | _asa 68011588 | ||
| 035 | _a(OCoLC)19765374 | ||
| 040 |
_aDLC _cWaU _dDLC |
||
| 042 | _apremarc | ||
| 043 | _aa-ii--- | ||
| 050 | 0 | 0 |
_aPL4758.1 _b.A7 |
| 100 | 1 |
_aAravindan, M. V., _d1934- |
|
| 245 | 1 | 0 | _aUraiyāciriyarkaḷ. |
| 260 | _c[1968] | ||
| 300 |
_axxix, 643 p. _c19 cm. |
||
| 500 | _aIn Tamil. | ||
| 504 | _aBibliographical footnotes. | ||
| 650 | 0 |
_aTamil literature _xHistory and criticism. |
|
| 650 | 0 | _aAuthors, Tamil. | |
| 700 | 0 | _aMeyyappan S. | |
| 999 |
_c83992 _d83992 |
||